000 01373nam2a22002411 4500
001 rc\863823
005 20250622102830.0
035 _a(NLR Aleph) 006239553
090 _a6654020
_c6654020
100 _a20041129d1983 |||y0rusy50 ca
101 0 _arus
102 _aRU
105 _ay |||||||||
200 1 _aОзеленение. Защитные лесонасаждения. Многолетние плодовые насаждения
_e[Взамен сб. 10 изд. 1971 г.]
210 _d1983
_aБ. м.
215 _a113 с.
300 _aОписано по обл. На тит. л. только загл. тома
461 0 _1001rc\863813
_12001#$aСборник... единых районных единичных расценок на строительные работы$eИзд. офиц.$eУтв. Гос. ком. ТССР по делам стр-ва для применения с 01.01.84 в ТССР$v... № 48
_96653924
_cАшхабад
_d1983-
_nЫлым
_oИзд. офиц. : Утв. Гос. ком. ТССР по делам стр-ва для применения с 01.01.84 в ТССР
_tСборник... единых районных единичных расценок на строительные работы
_v... № 48
801 0 _aRU
_bNLR
_gpsbo
801 1 _aRU
_bELAR
_2rusmarc
852 _aNLR
_bПт
_j80.11/95
942 _cBOOK
980 _aNB